Lịch sử văn học Nga
Spremljeno u:
| Glavni autor: | |
|---|---|
| Format: | Knjiga |
| Oznake: |
Dodaj oznaku
Bez oznaka, Budi prvi tko označuje ovaj zapis!
|
| Thư viện lưu trữ: | Mạng thư viện Đại học Đà Nẵng |
|---|
| LEADER | 00679nam a2200205 4500 | ||
|---|---|---|---|
| 001 | 000003897 | ||
| 003 | 18 | ||
| 005 | 20150812140847.0 | ||
| 008 | 110429s sd | ||
| 100 | 0 | |a Đỗ Hồng Chung | |
| 245 | 0 | 0 | |a Lịch sử văn học Nga |c Đỗ Hồng Chung |
| 774 | |a Đỗ Hồng Chung |d Nxb. Đại học và trung học chuyên nghiệp |d H. |d 1982 |g Tập 1 |h 526tr. |t Văn học dân gian Nga, văn học Nga thế kỷ XI - thế kỷ XIX |w 19 | ||
| OWN | |a LSP | ||
| 999 | |a From the UDN01 | ||
| TYP | |a Monograph | ||
| TYP | |a Printed language | ||
| 980 | |a Mạng thư viện Đại học Đà Nẵng | ||